Worcestershire A-Z - Statistics

General Stats
  • This quiz has been taken 27 times
  • The average score is 14 of 24
Answer Stats
Hint Answer % Correct
K Third-largest settlement*; famous for its carpet industry Kidderminster
96%
J King buried in Worcester Cathedral John
92%
P Three of these fruits are featured on the county's flag Black Worcester {pear}
88%
M Southern range of hills; home to the county's highest point Malvern Hills
88%
S Major river that runs through the county Severn
88%
V Key ingredient of Worcestershire sauce Vinegar
88%
R New town; second-largest settlement* Redditch
83%
U Town in the county's south that is -upon-S Upton
79%
E Pomp and Circumstance composer from Lower Broadheath Edward Elgar
75%
D Town once home to salt baths Droitwich Spa
67%
T Fantasy author who grew up in Sarehole J. R. R. Tolkien
67%
L Famous manufacturer of Worcestershire sauce {Lea} {&} {Perrins}
63%
O Saint and archbishop of York buried in Worcester Cathedral {Oswald} of Worcester
54%
C The opposing armies at the Battle of Worcester were led by these men Charles I | Oliver Cromwell
50%
G Stourbridge was known for this industry Glass making
50%
Y Eastern suburb of Birmingham whose MP is Jess Phillips Yardley
46%
B Tourist town near W Bewdley
33%
W Area of woodland on the border with Shropshire Wyre Forest
33%
Q Western suburb of Birmingham Quinton
29%
I Village near F that inspired The Archers Inkberrow
25%
N Implement R was previously known for producing Needles
25%
A Open-air museum home to reconstructed historic buildings Avoncroft Museum
21%
H Reformer of the Royal Mail from K Rowland Hill
17%
F Village southwest of R; once the site of a royal forest of the same name Feckenham
4%
No matching quizzes found
Score Distribution
Percent of People with Each Score
Percentile by Number Answered
Your Score History
You have not taken this quiz